00457nam a2200181Ia 4500003000400000005001700004008004000021020001800061040000700079041001200086082001900098100002100117245005200138260003100190300000900221650002300230700002200253OSt20240813091526.0210210b1993 xxu||||| |||| 00| 0 eng d a81 7201 152 0 cAL aEnglish a809.88914 SAHB aSAHITYA AKADEMI. aBabasaheb Ambedkar: Makers of Indian literature aN DbSahitya Akademic1993 ax,89 aBabasaheb Ambedkar aK Raghavendra Rao